000 00742nam a2200181Ia 4500
008 151202s9999||||xx |||||||||||||| ||und||
082 _bPNVM-79182
100 _aगाला ध रा / गाला धीरेन / गाला संजय
245 _aनेत्ररक्षा
260 _bनवनीत पब्लिकेशन्स (इं) लिमिटेड
260 _c1986
300 _a51
600 _aगाला ध रा / गाला धीरेन / गाला संजय
630 _aनेत्ररक्षा
700 _aगाला ध रा / गाला धीरेन / गाला संजय
730 _aनेत्ररक्षा
942 _cBOOK
999 _c1343841
_d1343838